Kepelbagaian biologi dan pemuliharaannya

Bibliographic Details
Main Author: Mohd Nordin Hj Hasan
Format: Book
Published: Bangi : Penerbit UKM , 1991
Series:Siri syarahan perdana Universiti Kebangsaan Malaysia
Subjects:

MARC

LEADER 00000cam a2200000 7i4500
001 0000000375
005 20000807.0
020 0 0 |a 9679422240 
090 0 0 |a 639.9   |b MOH 1991 
100 0 0 |a Mohd Nordin Hj Hasan 
245 1 0 |a Kepelbagaian biologi dan pemuliharaannya   |c Mohd. Nordin Hj. Hasan 
260 0 0 |a Bangi :   |b Penerbit UKM ,   |c 1991 
300 |a 67 p. ;   |c 23 cm. 
440 0 0 |a Siri syarahan perdana   |v Universiti Kebangsaan Malaysia 
500 0 0 |a Bibliography: [p.63-67] 
650 0 0 |a Biological diversity 
650 0 0 |a Biological diversity conservation 
999 |a 0000000295   |b Monograph   |c Open Shelf   |e Default branch